Ứng dụng matlab trong điều khiển tự động

Saved in:
Bibliographic Details
Main Author: NGUYỄN VĂN GIÁP
Format: Book
Language:Undetermined
Published: ĐHQG Tp HCM
Tags: Add Tag
No Tags, Be the first to tag this record!
Institutions: Trung tâm Học liệu Trường Đại học Cần Thơ
LEADER 00420nam a2200133Ia 4500
001 CTU_47682
008 210402s9999 xx 000 0 und d
082 |a 629.895 
082 |b Gi109 
100 |a NGUYỄN VĂN GIÁP 
245 0 |a Ứng dụng matlab trong điều khiển tự động 
245 0 |c NGUYỄN VĂN GIÁP 
260 |b ĐHQG Tp HCM 
980 |a Trung tâm Học liệu Trường Đại học Cần Thơ